000
00325 a2200157 4500
001
57096
020
_a
8536800534
040
_c
Anchieta - Pituba
100
_a
Lacerda, Nilma
240
1
0
_a
Pena de ganso
_l
por
245
1
0
_a
Pena de ganso
300
_a
143
362
0
_a
2005
650
4
_a
Literatura juvenil
942
_c
BK
999
_c
57096
_d
57096